Sports Quiz

Random Sports or Basketball Quiz

NBA Finals Game Top Scorers - 2010s Quiz Stats

 Plays Quiz not verified by Sporcle

Score 0/58 Timer 05:00
0 Plays Today
Year Player % Correct
2012 Finals - Miami Heat v. Oklahoma City ThunderLeBron James & Kevin Durant
99.8%
2016 Finals - Cleveland Cavaliers v. Golden State WarriorsLeBron James & Kyrie Irving
99.8%
2017 Finals - Golden State Warriors v. Cleveland CavaliersLeBron James
99.8%
2017 Finals - Golden State Warriors v. Cleveland CavaliersLeBron James
99.8%
2012 Finals - Miami Heat v. Oklahoma City ThunderLeBron James
99.8%
2013 Finals - Miami Heat v. San Antonio SpursLeBron James
99.8%
2013 Finals - Miami Heat v. San Antonio SpursLeBron James
99.8%
2013 Finals - Miami Heat v. San Antonio SpursLeBron James
99.8%
2014 Finals - San Antonio Spurs v. Miami HeatLeBron James
99.8%
2014 Finals - San Antonio Spurs v. Miami HeatLeBron James
99.8%
2014 Finals - San Antonio Spurs v. Miami HeatLeBron James
99.8%
2014 Finals - San Antonio Spurs v. Miami HeatLeBron James
99.8%
2015 Finals - Golden State Warriors v. Cleveland CavaliersLeBron James
99.8%
2015 Finals - Golden State Warriors v. Cleveland CavaliersLeBron James
99.8%
2015 Finals - Golden State Warriors v. Cleveland CavaliersLeBron James
99.8%
2015 Finals - Golden State Warriors v. Cleveland CavaliersLeBron James
99.8%
2015 Finals - Golden State Warriors v. Cleveland CavaliersLeBron James
99.8%
2016 Finals - Cleveland Cavaliers v. Golden State WarriorsLeBron James
99.8%
2016 Finals - Cleveland Cavaliers v. Golden State WarriorsLeBron James
99.8%
2018 Finals - Golden State Warriors v. Cleveland CavaliersLeBron James
99.6%
2010 Finals - Los Angeles Lakers v. Boston CelticsKobe Bryant
99.4%
2010 Finals - Los Angeles Lakers v. Boston CelticsKobe Bryant
99.4%
2010 Finals - Los Angeles Lakers v. Boston CelticsKobe Bryant
99.4%
2010 Finals - Los Angeles Lakers v. Boston CelticsKobe Bryant
99.4%
2010 Finals - Los Angeles Lakers v. Boston CelticsKobe Bryant
99.4%
2010 Finals - Los Angeles Lakers v. Boston CelticsKobe Bryant
99.4%
2019 Finals - Toronto Raptors v. Golden State WarriorsStephen Curry
99.4%
2019 Finals - Toronto Raptors v. Golden State WarriorsKawhi Leonard
99.4%
2019 Finals - Toronto Raptors v. Golden State WarriorsStephen Curry
99.4%
Year Player % Correct
2019 Finals - Toronto Raptors v. Golden State WarriorsKawhi Leonard
99.4%
2019 Finals - Toronto Raptors v. Golden State WarriorsStephen Curry
99.4%
2018 Finals - Golden State Warriors v. Cleveland CavaliersStephen Curry
99%
2018 Finals - Golden State Warriors v. Cleveland CavaliersStephen Curry
99%
2011 Finals - Dallas Mavericks v. Miami HeatDwyane Wade
98.9%
2011 Finals - Dallas Mavericks v. Miami HeatDwyane Wade
98.9%
2016 Finals - Cleveland Cavaliers v. Golden State WarriorsStephen Curry
98.9%
2017 Finals - Golden State Warriors v. Cleveland CavaliersKevin Durant
98.8%
2017 Finals - Golden State Warriors v. Cleveland CavaliersKevin Durant
98.8%
2018 Finals - Golden State Warriors v. Cleveland CavaliersKevin Durant
98.7%
2012 Finals - Miami Heat v. Oklahoma City ThunderKevin Durant
98.3%
2012 Finals - Miami Heat v. Oklahoma City ThunderKevin Durant
98.3%
2011 Finals - Dallas Mavericks v. Miami HeatDirk Nowitzki
98.2%
2011 Finals - Dallas Mavericks v. Miami HeatDirk Nowitzki
98.2%
2011 Finals - Dallas Mavericks v. Miami HeatDirk Nowitzki
98.2%
2019 Finals - Toronto Raptors v. Golden State WarriorsKlay Thompson
97.8%
2013 Finals - Miami Heat v. San Antonio SpursTony Parker
96%
2013 Finals - Miami Heat v. San Antonio SpursTony Parker
96%
2017 Finals - Golden State Warriors v. Cleveland CavaliersKyrie Irving
95.5%
2012 Finals - Miami Heat v. Oklahoma City ThunderRussell Westbrook
95.4%
2016 Finals - Cleveland Cavaliers v. Golden State WarriorsKyrie Irving
95%
2010 Finals - Los Angeles Lakers v. Boston CelticsRay Allen
93%
2016 Finals - Cleveland Cavaliers v. Golden State WarriorsDraymond Green
92.2%
2016 Finals - Cleveland Cavaliers v. Golden State WarriorsDraymond Green
92.2%
2013 Finals - Miami Heat v. San Antonio SpursDanny Green
91.9%
2014 Finals - San Antonio Spurs v. Miami HeatKawhi Leonard
89.8%
2011 Finals - Dallas Mavericks v. Miami HeatJason Terry
68.8%
2013 Finals - Miami Heat v. San Antonio SpursMario Chalmers
45.3%
2015 Finals - Golden State Warriors v. Cleveland CavaliersTimofey Mozgov
24.2%

You're not logged in!

Compare scores with friends on all Sporcle quizzes.
OR
Log In

Show Comments

Extras

Top Quizzes Today


Score Distribution

Your Account Isn't Verified!

In order to create a playlist on Sporcle, you need to verify the email address you used during registration. Go to your Sporcle Settings to finish the process.

Report this User

Report this user for behavior that violates our Community Guidelines.

Details: